[Event "World Cup 2021"]
[Site "Sochi"]
[Date "2021.07.20"]
[Round "21.2"]
[White "Martirosyan Haik M. (ARM)"]
[Black "Mamedyarov Shakhriyar (AZE)"]
[Result "1/2-1/2"]
[WhiteElo "2632"]
[BlackElo "2782"]
[Annotator ""]
[Source ""]
[Remark ""]

1.d4 {[%clk 0:25:19]} Nf6 {[%clk 0:25:18]} 2.c4 {[%clk 0:25:27]}
b6 {[%clk 0:25:27]} 3.Nc3 {[%clk 0:25:20]} Bb7 {[%clk 0:25:36]}
4.f3 {[%clk 0:25:06]} e6 {[%clk 0:25:24]} 5.e4 {[%clk 0:25:06]}
d5 {[%clk 0:25:33]} 6.cxd5 {[%clk 0:24:59]} exd5 {[%clk 0:25:42]}
7.e5 {[%clk 0:24:58]} Nfd7 {[%clk 0:25:49]} 8.f4 {[%clk 0:24:30]}
c5 {[%clk 0:25:53]} 9.Nf3 {[%clk 0:24:11]} Nc6 {[%clk 0:25:48]}
10.Be3 {[%clk 0:23:48]} cxd4 {[%clk 0:25:45]} 11.Nxd4 {[%clk 0:23:56]}
Bc5 {[%clk 0:25:53]} 12.Bb5 {[%clk 0:23:26]} Nxd4 {[%clk 0:25:55]}
13.Bxd4 {[%clk 0:23:30]} O-O {[%clk 0:26:02]} 14.O-O {[%clk 0:23:09]}
a6 {[%clk 0:26:11]} 15.Be2 {[%clk 0:22:24]} Rc8 {[%clk 0:26:18]}
16.Bf3 {[%clk 0:21:55]} b5 {[%clk 0:25:48]} 17.Bxc5 {[%clk 0:21:29]}
Rxc5 {[%clk 0:25:53]} 18.Qd2 {[%clk 0:20:32]} Nb6 {[%clk 0:25:36]}
19.b3 {[%clk 0:19:53]} Qe7 {[%clk 0:23:00]} 20.Ne2 {[%clk 0:18:51]}
Nd7 {[%clk 0:22:48]} 21.Nd4 {[%clk 0:18:39]} g6 {[%clk 0:22:56]}
22.Rae1 {[%clk 0:18:27]} Rc7 {[%clk 0:21:58]} 23.e6 {[%clk 0:17:28]}
Nc5 {[%clk 0:22:07]} 24.f5 {[%clk 0:17:24]} f6 {[%clk 0:22:07]}
25.fxg6 {[%clk 0:17:10]} hxg6 {[%clk 0:22:16]} 26.Qh6 {[%clk 0:16:42]}
Qh7 {[%clk 0:22:24]} 27.Qe3 {[%clk 0:15:34]} Ne4 {[%clk 0:22:08]}
28.Rc1 {[%clk 0:15:37]} Re7 {[%clk 0:22:15]} 29.Bxe4 {[%clk 0:15:25]}
dxe4 {[%clk 0:22:24]} 30.Qf4 {[%clk 0:15:04]} f5 {[%clk 0:22:18]}
31.Rc5 {[%clk 0:13:01]} Qg7 {[%clk 0:22:12]} 32.Qd6 {[%clk 0:11:37]}
f4 {[%clk 0:22:02]} 33.Rg5 {[%clk 0:11:35]} f3 {[%clk 0:21:51]}
34.gxf3 {[%clk 0:11:08]} exf3 {[%clk 0:22:00]} 35.Kf2 {[%clk 0:10:45]}
Qh6 {[%clk 0:20:25]} 36.Qg3 {[%clk 0:09:58]} Kh7 {[%clk 0:20:22]}
37.Rg1 {[%clk 0:09:14]} Rd8 {[%clk 0:19:38]} 38.Rd1 {[%clk 0:08:47]}
Rd5 {[%clk 0:17:08]} 39.Rxd5 {[%clk 0:08:11]} Bxd5 {[%clk 0:17:17]}
40.Nxf3 {[%clk 0:07:35]} Bxf3 {[%clk 0:17:21]} 41.Kxf3 {[%clk 0:07:07]}
Qh5+ {[%clk 0:16:37]} 42.Qg4 {[%clk 0:06:49]} Qxg4+ {[%clk 0:16:08]}
43.Kxg4 {[%clk 0:06:57]} Rxe6 {[%clk 0:16:17]} 44.Kf3 {[%clk 0:06:45]}
Kh6 {[%clk 0:16:25]} 45.a4 {[%clk 0:06:38]} Rc6 {[%clk 0:16:30]}
46.axb5 {[%clk 0:04:53]} Rc3+ {[%clk 0:16:39]} 47.Ke4 {[%clk 0:04:56]}
axb5 {[%clk 0:16:47]} 48.Rd3 {[%clk 0:04:53]} Rxd3 {[%clk 0:16:24]}
49.Kxd3 {[%clk 0:05:02]} Kg5 {[%clk 0:16:34]} 50.Kc3 {[%clk 0:05:02]}
Kg4 {[%clk 0:16:43]} 51.Kb4 {[%clk 0:05:11]} Kh3 {[%clk 0:16:52]}
52.Kxb5 {[%clk 0:05:20]} Kxh2 {[%clk 0:17:00]} 53.Ka6 {[%clk 0:05:22]}
g5 {[%clk 0:17:10]} 54.b4 {[%clk 0:05:31]} g4 {[%clk 0:17:19]}
55.b5 {[%clk 0:05:40]} g3 {[%clk 0:17:27]} 56.b6 {[%clk 0:05:50]}
g2 {[%clk 0:17:36]} 57.b7 {[%clk 0:05:59]} g1Q {[%clk 0:17:45]}
58.b8Q+ {[%clk 0:06:08]} Qg3 {[%clk 0:17:53]} 59.Qxg3+ {[%clk 0:06:16]}
Kxg3 {[%clk 0:18:02]} 1/2-1/2

[Event "World Cup 2021"]
[Site "Sochi"]
[Date "2021.07.20"]
[Round "21.12"]
[White "Areshchenko Alexander (UKR)"]
[Black "Shankland Sam (USA)"]
[Result "0-1"]
[WhiteElo "2687"]
[BlackElo "2709"]
[Annotator ""]
[Source ""]
[Remark ""]

1.e4 {[%clk 0:25:18]} c5 {[%clk 0:25:20]} 2.Nf3 d6 3.d4 {[%clk 0:25:35]}
cxd4 {[%clk 0:25:38]} 4.Nxd4 {[%clk 0:25:43]} Nf6 {[%clk 0:25:48]}
5.Nc3 {[%clk 0:25:51]} a6 {[%clk 0:25:57]} 6.Be3 {[%clk 0:26:00]}
e5 {[%clk 0:26:04]} 7.Nb3 {[%clk 0:26:07]} Be6 {[%clk 0:26:05]}
8.f3 {[%clk 0:26:10]} Be7 {[%clk 0:25:25]} 9.Qd2 {[%clk 0:26:16]}
O-O {[%clk 0:25:15]} 10.O-O-O {[%clk 0:25:40]} Nbd7 {[%clk 0:25:24]}
11.g4 {[%clk 0:25:27]} b5 {[%clk 0:25:32]} 12.g5 {[%clk 0:25:33]}
Nh5 {[%clk 0:25:41]} 13.Kb1 {[%clk 0:23:09]} Nb6 {[%clk 0:25:35]}
14.Na5 {[%clk 0:20:54]} Rc8 {[%clk 0:25:43]} 15.Nd5 {[%clk 0:19:16]}
Nxd5 {[%clk 0:24:06]} 16.exd5 {[%clk 0:19:24]} Bxd5 {[%clk 0:23:38]}
17.Qxd5 {[%clk 0:19:32]} Qxa5 {[%clk 0:23:47]} 18.c4 {[%clk 0:16:20]}
Nf4 {[%clk 0:22:13]} 19.Bxf4 {[%clk 0:16:11]} exf4 {[%clk 0:22:22]}
20.cxb5 {[%clk 0:14:59]} axb5 {[%clk 0:21:39]} 21.Qxb5 {[%clk 0:14:19]}
Qa7 {[%clk 0:19:28]} 22.h4 {[%clk 0:14:21]} Rc5 {[%clk 0:18:24]}
23.Qa6 {[%clk 0:13:48]} Qc7 {[%clk 0:18:26]} 24.Bd3 {[%clk 0:13:38]}
Rb8 {[%clk 0:17:58]} 25.Rc1 {[%clk 0:13:01]} d5 {[%clk 0:17:27]}
26.Rxc5 {[%clk 0:11:53]} Bxc5 {[%clk 0:17:07]} 27.Rc1 {[%clk 0:10:21]}
Qe5 {[%clk 0:16:38]} 28.Bb5 {[%clk 0:10:24]} d4 {[%clk 0:14:32]}
29.Bd3 {[%clk 0:10:20]} g6 {[%clk 0:14:10]} 30.Ka1 {[%clk 0:07:02]}
Bf8 {[%clk 0:13:01]} 31.Qc4 {[%clk 0:06:50]} Qe3 {[%clk 0:12:22]}
32.h5 {[%clk 0:05:35]} Rb4 {[%clk 0:08:17]} 33.Qc2 {[%clk 0:05:30]}
gxh5 {[%clk 0:07:29]} 34.Bxh7+ {[%clk 0:05:27]} Kg7 {[%clk 0:07:39]}
35.Bd3 {[%clk 0:03:38]} h4 {[%clk 0:07:06]} 36.g6 {[%clk 0:03:41]}
h3 {[%clk 0:05:47]} 37.gxf7 {[%clk 0:03:37]} Rb6 {[%clk 0:05:23]}
38.Rh1 {[%clk 0:02:06]} Rh6 {[%clk 0:05:04]} 39.a3 {[%clk 0:01:36]}
h2 {[%clk 0:04:13]} 40.Qg2+ {[%clk 0:01:10]} Kf6 {[%clk 0:04:01]}
41.Be4 {[%clk 0:01:05]} Kxf7 {[%clk 0:02:26]} 42.Ka2 {[%clk 0:00:29]}
d3 {[%clk 0:01:58]} 43.Rxh2 {[%clk 0:00:38]} Rxh2 {[%clk 0:01:31]}
44.Qxh2 {[%clk 0:00:45]} d2 {[%clk 0:01:26]} 45.Qh5+ {[%clk 0:00:49]}
Ke7 {[%clk 0:01:34]} 46.Qe5+ {[%clk 0:00:52]} Kd8 {[%clk 0:01:23]}
47.Qd5+ {[%clk 0:00:45]} Ke7 {[%clk 0:01:32]} 48.Qe5+ {[%clk 0:00:21]}
Kd8 {[%clk 0:01:40]} 49.Qb8+ {[%clk 0:00:30]} Ke7 {[%clk 0:01:43]}
50.Qc7+ {[%clk 0:00:17]} Kf6 {[%clk 0:01:28]} 51.Bc2 {[%clk 0:00:21]}
Kg5 {[%clk 0:00:37]} 52.Qf7 {[%clk 0:00:21]} Qxf3 {[%clk 0:00:21]}
53.Qf5+ {[%clk 0:00:23]} Kh4 {[%clk 0:00:30]} 54.Qxf8 {[%clk 0:00:31]}
Qd5+ {[%clk 0:00:35]} 55.b3 {[%clk 0:00:14]} d1Q {[%clk 0:00:44]}
56.Bxd1 {[%clk 0:00:15]} Qd2+ {[%clk 0:00:53]} 57.Kb1 {[%clk 0:00:24]}
Qxd1+ {[%clk 0:01:02]} 58.Kb2 {[%clk 0:00:34]} Qd2+ {[%clk 0:00:56]}
59.Kb1 {[%clk 0:00:42]} Qd3+ {[%clk 0:01:03]} 60.Kb2 {[%clk 0:00:51]}
f3 {[%clk 0:01:12]} 61.Qh6+ {[%clk 0:00:51]} Kg3 {[%clk 0:01:20]}
62.Qg5+ {[%clk 0:01:01]} Kf2 {[%clk 0:01:26]} 63.a4 {[%clk 0:01:05]}
Ke1 {[%clk 0:01:03]} 64.Qg3+ {[%clk 0:01:07]} Ke2 {[%clk 0:01:10]}
65.Qg4 {[%clk 0:01:16]} Kd2 {[%clk 0:00:47]} 66.Qf4+ {[%clk 0:00:41]}
Kd1 {[%clk 0:00:55]} 67.a5 {[%clk 0:00:39]} Qe2+ {[%clk 0:00:47]}
68.Ka3 {[%clk 0:00:26]} f2 {[%clk 0:00:49]} 69.Qd4+ {[%clk 0:00:19]}
Kc2 {[%clk 0:00:34]} 70.Qc5+ {[%clk 0:00:21]} Kb1 {[%clk 0:00:25]}
71.Qf5+ {[%clk 0:00:26]} Qc2 {[%clk 0:00:29]} 72.Qf6 {[%clk 0:00:19]}
Qc1+ {[%clk 0:00:29]} 0-1

[Event "World Cup 2021"]
[Site "Sochi"]
[Date "2021.07.20"]
[Round "22.3"]
[White "Paravyan David (RUS)"]
[Black "Vachier-Lagrave Maxime (FRA)"]
[Result "1/2-1/2"]
[WhiteElo "2625"]
[BlackElo "2749"]
[Annotator ""]
[Source ""]
[Remark ""]

1.e4 {[%clk 0:10:19]} e5 {[%clk 0:10:19]} 2.Nf3 {[%clk 0:10:27]}
Nc6 {[%clk 0:10:28]} 3.Bb5 {[%clk 0:10:24]} Nf6 {[%clk 0:10:37]}
4.O-O {[%clk 0:10:19]} Nxe4 {[%clk 0:10:46]} 5.Re1 {[%clk 0:10:28]}
Nd6 {[%clk 0:10:54]} 6.Nxe5 {[%clk 0:10:36]} Be7 {[%clk 0:11:02]}
7.Bf1 {[%clk 0:10:44]} Nxe5 {[%clk 0:11:00]} 8.Rxe5 {[%clk 0:10:52]}
O-O {[%clk 0:11:06]} 9.Nc3 {[%clk 0:10:59]} Ne8 {[%clk 0:11:05]}
10.d4 {[%clk 0:11:08]} Bf6 {[%clk 0:11:00]} 11.Re1 {[%clk 0:11:16]}
d5 {[%clk 0:11:00]} 12.b3 {[%clk 0:11:23]} Be6 {[%clk 0:10:02]}
13.Ba3 {[%clk 0:11:32]} Nd6 {[%clk 0:10:11]} 14.Nb5 {[%clk 0:11:41]}
Be7 {[%clk 0:09:03]} 15.Nxd6 {[%clk 0:11:48]} Bxd6 {[%clk 0:09:12]}
16.Bxd6 {[%clk 0:11:57]} Qxd6 {[%clk 0:09:21]} 17.Re5 {[%clk 0:12:06]}
f6 {[%clk 0:09:19]} 18.Re3 {[%clk 0:12:14]} Rfe8 {[%clk 0:09:23]}
19.Qf3 {[%clk 0:12:14]} Bf7 {[%clk 0:09:19]} 20.Rae1 {[%clk 0:12:23]}
c6 {[%clk 0:08:33]} 21.Rxe8+ {[%clk 0:11:41]} Rxe8 {[%clk 0:08:41]}
22.Rxe8+ {[%clk 0:11:50]} Bxe8 {[%clk 0:08:50]} 23.c4 {[%clk 0:10:34]}
dxc4 {[%clk 0:06:45]} 24.Bxc4+ {[%clk 0:10:42]} Kf8 {[%clk 0:06:54]}
25.Qe4 {[%clk 0:10:17]} b5 {[%clk 0:04:56]} 26.Be2 {[%clk 0:09:59]}
Qe7 {[%clk 0:05:05]} 27.Qd3 {[%clk 0:08:42]} Bg6 {[%clk 0:05:10]}
28.Qd2 {[%clk 0:08:50]} Be4 {[%clk 0:05:19]} 29.f3 {[%clk 0:08:27]}
Bd5 {[%clk 0:05:23]} 30.Kf2 {[%clk 0:08:35]} g6 {[%clk 0:04:36]}
31.Qf4 {[%clk 0:07:40]} Kg7 {[%clk 0:04:09]} 32.h4 {[%clk 0:07:49]}
a5 {[%clk 0:04:13]} 33.Qc1 {[%clk 0:04:05]} Qd6 {[%clk 0:03:24]}
34.g3 {[%clk 0:03:33]} h5 {[%clk 0:03:01]} 35.Qc5 {[%clk 0:03:38]}
Qxc5 {[%clk 0:02:33]} 36.dxc5 {[%clk 0:03:46]} f5 {[%clk 0:02:00]}
37.Ke3 {[%clk 0:03:52]} Kf6 {[%clk 0:02:09]} 38.Kd4 {[%clk 0:03:10]}
b4 {[%clk 0:02:10]} 39.Bd1 {[%clk 0:01:42]} Be6 {[%clk 0:01:42]}
40.Be2 {[%clk 0:01:28]} Bd5 {[%clk 0:01:49]} 41.Ke3 {[%clk 0:00:26]}
Ke5 {[%clk 0:01:55]} 42.Bf1 {[%clk 0:00:12]} Kf6 {[%clk 0:01:14]}
43.Be2 {[%clk 0:00:12]} Ke5 {[%clk 0:01:23]} 44.Bf1 {[%clk 0:00:21]}
Be6 {[%clk 0:00:54]} 45.f4+ {[%clk 0:00:27]} Kf6 {[%clk 0:01:03]}
46.Bg2 {[%clk 0:00:20]} Bd7 {[%clk 0:01:08]} 47.Kd4 {[%clk 0:00:27]}
Be8 {[%clk 0:01:12]} 48.Bh1 {[%clk 0:00:29]} Bd7 {[%clk 0:01:14]}
49.Bf3 {[%clk 0:00:38]} Be8 {[%clk 0:01:23]} 50.Kd3 {[%clk 0:00:36]}
Ke7 {[%clk 0:01:28]} 51.Kd2 {[%clk 0:00:30]} Kd7 {[%clk 0:01:33]}
52.Ke3 {[%clk 0:00:14]} Ke6 {[%clk 0:01:31]} 53.Kd4 {[%clk 0:00:23]}
Kf6 {[%clk 0:01:39]} 54.Bg2 {[%clk 0:00:24]} Bd7 {[%clk 0:01:45]}
55.Bh1 {[%clk 0:00:32]} Be8 {[%clk 0:01:54]} 56.Bf3 {[%clk 0:00:41]}
Bd7 {[%clk 0:01:59]} 57.Be2 {[%clk 0:00:46]} Be6 {[%clk 0:02:07]}
58.Bf3 {[%clk 0:00:34]} Bd7 {[%clk 0:02:16]} 59.Kd3 {[%clk 0:00:37]}
Ke7 {[%clk 0:02:24]} 60.Kc2 {[%clk 0:00:40]} Be8 {[%clk 0:02:04]}
61.Kd3 {[%clk 0:00:49]} Bd7 {[%clk 0:02:12]} 62.Kd4 {[%clk 0:00:57]}
Kf6 {[%clk 0:02:21]} 63.Bg2 {[%clk 0:01:06]} Ke5 64.Ke4+ 1/2-1/2

[Event "World Cup 2021"]
[Site "Sochi"]
[Date "2021.07.22"]
[Round "27.16"]
[White "Esipenko Andrey (RUS)"]
[Black "Dubov Daniil (RUS)"]
[Result "1/2-1/2"]
[WhiteElo "2716"]
[BlackElo "2714"]
[Annotator ""]
[Source ""]
[Remark ""]

1.e4 {[%clk 1:30:56]} e5 {[%clk 1:30:33]} 2.Nf3 {[%clk 1:30:57]}
Nc6 {[%clk 1:30:55]} 3.Bc4 {[%clk 1:30:50]} Nf6 {[%clk 1:31:17]}
4.d3 {[%clk 1:30:59]} Be7 {[%clk 1:31:39]} 5.O-O {[%clk 1:30:29]}
O-O {[%clk 1:31:33]} 6.Nc3 {[%clk 1:30:27]} d6 {[%clk 1:31:47]}
7.a3 {[%clk 1:30:25]} h6 {[%clk 1:29:15]} 8.Re1 {[%clk 1:27:15]}
Re8 {[%clk 1:25:46]} 9.h3 {[%clk 1:26:20]} Be6 {[%clk 1:24:31]}
10.Bxe6 {[%clk 1:22:37]} fxe6 {[%clk 1:24:45]} 11.Ne2 {[%clk 1:22:46]}
a5 {[%clk 1:23:56]} 12.a4 {[%clk 1:20:05]} Rf8 {[%clk 1:18:39]}
13.Ng3 {[%clk 1:18:12]} Qe8 {[%clk 1:17:42]} 14.c3 {[%clk 1:15:05]}
Nd7 {[%clk 1:15:31]} 15.Be3 {[%clk 1:09:45]} Qg6 {[%clk 1:13:43]}
16.Qb3 {[%clk 1:06:19]} Rab8 {[%clk 1:13:51]} 17.d4 {[%clk 1:02:37]}
Kh7 {[%clk 1:00:13]} 18.Kh2 {[%clk 0:56:06]} exd4 {[%clk 0:57:13]}
19.cxd4 {[%clk 0:55:00]} d5 {[%clk 0:52:21]} 20.exd5 {[%clk 0:49:29]}
exd5 {[%clk 0:52:13]} 21.Qxd5 {[%clk 0:48:47]} Bd6 {[%clk 0:47:08]}
22.Nh4 {[%clk 0:48:12]} Qf7 {[%clk 0:46:15]} 23.Qxf7 {[%clk 0:42:12]}
Rxf7 {[%clk 0:46:42]} 24.Kg1 {[%clk 0:42:15]} b5 {[%clk 0:45:13]}
25.Rec1 {[%clk 0:38:07]} Bxg3 {[%clk 0:40:15]} 26.fxg3 {[%clk 0:38:00]}
Ne7 {[%clk 0:40:23]} 27.Bf4 {[%clk 0:29:01]} Nd5 {[%clk 0:39:06]}
28.Bxc7 {[%clk 0:28:58]} Rb7 {[%clk 0:39:26]} 29.Be5 {[%clk 0:25:18]}
bxa4 {[%clk 0:26:56]} 30.Rxa4 {[%clk 0:25:32]} Rxb2 {[%clk 0:16:01]}
31.Rxa5 {[%clk 0:25:46]} N7b6 {[%clk 0:16:20]} 32.Ra3 {[%clk 0:24:48]}
Re2 {[%clk 0:14:42]} 33.Rf3 {[%clk 0:17:55]} Ra7 {[%clk 0:13:24]}
34.Rf2 {[%clk 0:14:44]} Rxf2 {[%clk 0:13:09]} 35.Kxf2 {[%clk 0:15:09]}
Ra2+ {[%clk 0:12:07]} 36.Kg1 {[%clk 0:15:13]} Nd7 {[%clk 0:11:59]}
37.Re1 {[%clk 0:14:58]} g5 {[%clk 0:10:29]} 38.Nf3 {[%clk 0:08:06]}
Kg6 {[%clk 0:08:54]} 39.Bd6 {[%clk 0:07:44]} N7f6 {[%clk 0:08:06]}
40.g4 {[%clk 0:04:24]} Rc2 {[%clk 0:08:13]} 41.Be5 {[%clk 0:27:30]}
Ra2 {[%clk 0:35:44]} 42.Kf1 {[%clk 0:25:06]} Nc3 {[%clk 0:33:25]}
43.Bxf6 {[%clk 0:15:45]} Kxf6 {[%clk 0:33:47]} 44.Re5 {[%clk 0:14:28]}
Ra1+ {[%clk 0:33:12]} 45.Kf2 {[%clk 0:14:36]} Ra2+ {[%clk 0:33:20]}
46.Ke3 {[%clk 0:13:02]} Rxg2 {[%clk 0:33:26]} 47.Kd3 {[%clk 0:12:44]}
Nd1 {[%clk 0:27:28]} 48.d5 {[%clk 0:12:42]} Rg3 {[%clk 0:17:59]}
49.Re6+ {[%clk 0:07:29]} Kf7 {[%clk 0:15:54]} 50.Ke2 {[%clk 0:07:10]}
Nc3+ {[%clk 0:14:54]} 51.Kf2 {[%clk 0:07:32]} Rxh3 {[%clk 0:15:10]}
52.Ne5+ {[%clk 0:07:32]} Kg7 {[%clk 0:14:21]} 53.d6 {[%clk 0:07:18]}
Rh2+ {[%clk 0:13:19]} 54.Kf3 {[%clk 0:05:50]} Rd2 {[%clk 0:03:31]}
55.d7 {[%clk 0:05:17]} Nb5 {[%clk 0:03:34]} 56.Rg6+ {[%clk 0:03:19]}
Kf8 {[%clk 0:03:40]} 57.Rxh6 {[%clk 0:03:31]} Ke7 {[%clk 0:04:04]}
58.Rh7+ {[%clk 0:02:42]} Ke6 {[%clk 0:03:42]} 59.Rh8 {[%clk 0:02:34]}
Kxe5 {[%clk 0:03:56]} 60.Re8+ {[%clk 0:02:12]} Kf6 {[%clk 0:04:21]}
61.d8Q+ {[%clk 0:02:26]} Rxd8 {[%clk 0:04:45]} 62.Rxd8 {[%clk 0:02:49]}
Ke5 {[%clk 0:04:26]} 63.Rg8 {[%clk 0:01:37]} Nd4+ {[%clk 0:04:25]}
64.Ke3 {[%clk 0:01:53]} Nc2+ {[%clk 0:04:28]} 65.Kd2 {[%clk 0:01:14]}
Nd4 {[%clk 0:04:24]} 66.Kd3 {[%clk 0:01:05]} Ne6 {[%clk 0:04:22]}
67.Ke3 {[%clk 0:01:08]} Kf6 {[%clk 0:04:06]} 68.Ke4 {[%clk 0:01:10]}
Nc5+ {[%clk 0:04:01]} 69.Kd5 {[%clk 0:00:58]} Nd7 {[%clk 0:03:46]}
70.Kd6 {[%clk 0:00:42]} Ne5 {[%clk 0:03:34]} 71.Rf8+ {[%clk 0:01:02]}
Nf7+ {[%clk 0:03:42]} 72.Kd5 {[%clk 0:00:45]} Kg7 {[%clk 0:04:00]}
73.Ra8 {[%clk 0:00:58]} Nh6 {[%clk 0:04:10]} 74.Ra4 {[%clk 0:01:11]}
Kf6 {[%clk 0:04:37]} 75.Rb4 {[%clk 0:01:08]} Kf7 {[%clk 0:04:42]}
76.Ke5 {[%clk 0:01:18]} Kg6 {[%clk 0:05:09]} 77.Ke6 {[%clk 0:01:29]}
Kg7 {[%clk 0:05:30]} 78.Rc4 {[%clk 0:01:40]} Kg6 {[%clk 0:05:58]}
79.Re4 {[%clk 0:01:03]} Kg7 {[%clk 0:06:13]} 80.Kd5 {[%clk 0:00:57]}
Kf6 {[%clk 0:06:20]} 81.Kd4 {[%clk 0:00:55]} Nf7 {[%clk 0:06:15]}
82.Ke3 {[%clk 0:01:13]} Nh6 {[%clk 0:06:43]} 83.Ra4 {[%clk 0:01:34]}
Kg6 {[%clk 0:06:41]} 84.Kf3 {[%clk 0:01:06]} Kf6 {[%clk 0:07:02]}
85.Ra6+ {[%clk 0:00:55]} Kg7 {[%clk 0:07:29]} 86.Ke4 {[%clk 0:01:06]}
Nxg4 {[%clk 0:07:28]} 87.Kf5 {[%clk 0:01:31]} Nh6+ {[%clk 0:07:51]}
88.Kxg5 {[%clk 0:01:54]} Nf7+ {[%clk 0:08:16]} 89.Kf5 {[%clk 0:02:17]}
Nh6+ {[%clk 0:08:39]} 90.Rxh6 {[%clk 0:02:40]} Kxh6 {[%clk 0:09:05]} 1/2-1/2

[Event "World Cup 2021"]
[Site "Sochi"]
[Date "2021.07.23"]
[Round "28.7"]
[White "Vachier-Lagrave Maxime (FRA)"]
[Black "Praggnanandhaa R (IND)"]
[Result "1-0"]
[WhiteElo "2749"]
[BlackElo "2699"]
[Annotator ""]
[Source ""]
[Remark ""]

1.e4 {[%clk 1:30:57]} c5 {[%clk 1:30:37]} 2.Nf3 {[%clk 1:31:23]}
e6 {[%clk 1:31:01]} 3.d4 {[%clk 1:31:46]} cxd4 {[%clk 1:31:26]}
4.Nxd4 {[%clk 1:32:13]} Nf6 {[%clk 1:31:48]} 5.Nc3 {[%clk 1:32:40]}
Nc6 {[%clk 1:32:15]} 6.Nxc6 {[%clk 1:31:20]} bxc6 {[%clk 1:32:39]}
7.e5 {[%clk 1:31:45]} Nd5 {[%clk 1:33:03]} 8.Ne4 {[%clk 1:32:11]}
Qc7 {[%clk 1:33:17]} 9.f4 {[%clk 1:32:28]} Qb6 {[%clk 1:33:24]}
10.c4 {[%clk 1:32:33]} Bb4+ {[%clk 1:33:41]} 11.Ke2 {[%clk 1:32:57]}
f5 {[%clk 1:34:01]} 12.exf6 {[%clk 1:32:37]} Nxf6 {[%clk 1:34:23]}
13.Be3 {[%clk 1:33:00]} Qd8 {[%clk 1:34:31]} 14.Nd6+ {[%clk 1:33:02]}
Bxd6 {[%clk 1:34:53]} 15.Qxd6 {[%clk 1:33:26]} Bb7 {[%clk 1:35:14]}
16.Kd1 {[%clk 1:33:42]} c5 {[%clk 1:33:21]} 17.Qxc5 {[%clk 1:34:02]}
Be4 {[%clk 1:33:32]} 18.Be2 {[%clk 1:32:35]} d6 {[%clk 1:28:45]}
19.Qd4 {[%clk 1:28:44]} O-O {[%clk 1:27:35]} 20.Kc1 {[%clk 1:17:23]}
Qc7 {[%clk 1:14:51]} 21.b3 {[%clk 1:11:57]} e5 {[%clk 1:10:14]}
22.fxe5 {[%clk 1:11:18]} dxe5 {[%clk 1:10:37]} 23.Qc5 {[%clk 1:10:54]}
Qb7 {[%clk 1:09:57]} 24.Kb2 {[%clk 1:03:47]} Nd5 {[%clk 0:59:52]}
25.cxd5 {[%clk 0:56:00]} Rfc8 {[%clk 0:57:52]} 26.Rac1 {[%clk 0:55:15]}
Rxc5 {[%clk 0:57:50]} 27.Rxc5 {[%clk 0:55:41]} h6 {[%clk 0:48:22]}
28.d6 {[%clk 0:46:07]} Bxg2 {[%clk 0:39:16]} 29.Rd1 {[%clk 0:36:38]}
Qe4 {[%clk 0:28:29]} 30.Bc4+ {[%clk 0:35:45]} Kh8 {[%clk 0:26:12]}
31.d7 {[%clk 0:36:06]} Qxe3 {[%clk 0:23:14]} 32.Rc8+ {[%clk 0:36:30]}
Kh7 {[%clk 0:23:41]} 33.d8Q {[%clk 0:36:38]} 1-0

[Event "World Cup 2021"]
[Site "Sochi"]
[Date "2021.07.24"]
[Round "29.6"]
[White "Andreikin Dmitry (RUS)"]
[Black "Ivic Velimir (SRB)"]
[Result "0-1"]
[WhiteElo "2724"]
[BlackElo "2582"]
[Annotator ""]
[Source ""]
[Remark ""]

1.Nf3 {[%clk 0:25:16]} Nf6 {[%clk 0:25:18]} 2.b3 {[%clk 0:25:21]}
g6 {[%clk 0:25:22]} 3.Bb2 {[%clk 0:25:28]} Bg7 {[%clk 0:25:29]}
4.g3 {[%clk 0:25:35]} O-O {[%clk 0:24:58]} 5.Bg2 {[%clk 0:25:44]}
d6 {[%clk 0:25:06]} 6.d4 {[%clk 0:25:50]} a5 {[%clk 0:25:07]}
7.c4 {[%clk 0:21:33]} a4 {[%clk 0:25:09]} 8.Nbd2 {[%clk 0:21:30]}
a3 {[%clk 0:23:17]} 9.Bc3 {[%clk 0:21:36]} c5 {[%clk 0:23:11]}
10.O-O {[%clk 0:19:26]} Nc6 {[%clk 0:22:40]} 11.e3 {[%clk 0:17:58]}
Bf5 {[%clk 0:21:46]} 12.Qe2 {[%clk 0:11:58]} Ne4 {[%clk 0:21:11]}
13.Nxe4 {[%clk 0:11:40]} Bxe4 {[%clk 0:21:19]} 14.Rfd1 {[%clk 0:11:15]}
e6 {[%clk 0:19:07]} 15.Rac1 {[%clk 0:10:55]} Qe7 {[%clk 0:19:11]}
16.Ne1 {[%clk 0:10:14]} Bxg2 {[%clk 0:18:58]} 17.Nxg2 {[%clk 0:10:11]}
cxd4 {[%clk 0:14:26]} 18.exd4 {[%clk 0:09:50]} d5 {[%clk 0:14:34]}
19.Ne3 {[%clk 0:05:46]} Rfd8 {[%clk 0:14:11]} 20.c5 {[%clk 0:05:36]}
b6 {[%clk 0:12:40]} 21.Qb5 {[%clk 0:03:35]} Na7 {[%clk 0:11:53]}
22.Qxb6 {[%clk 0:03:06]} Rdb8 {[%clk 0:10:39]} 23.Qa6 {[%clk 0:03:14]}
Nb5 {[%clk 0:10:17]} 24.Qc6 {[%clk 0:03:22]} Qd8 {[%clk 0:07:04]}
25.Ba1 {[%clk 0:02:57]} h5 {[%clk 0:06:36]} 26.Ng2 {[%clk 0:02:14]}
Bf8 {[%clk 0:06:05]} 27.Ne3 {[%clk 0:01:55]} Nc7 {[%clk 0:05:50]}
28.Nc4 {[%clk 0:01:58]} dxc4 {[%clk 0:05:47]} 29.bxc4 {[%clk 0:02:06]}
Na6 {[%clk 0:05:00]} 30.Qf3 {[%clk 0:01:59]} Qg5 {[%clk 0:04:08]}
31.c6 {[%clk 0:01:48]} Qf5 {[%clk 0:03:25]} 32.Qxf5 {[%clk 0:01:33]}
gxf5 {[%clk 0:03:28]} 33.d5 {[%clk 0:01:40]} exd5 {[%clk 0:02:35]}
34.cxd5 {[%clk 0:01:41]} Bd6 {[%clk 0:02:34]} 35.Rc4 {[%clk 0:00:35]}
Rb4 {[%clk 0:01:38]} 36.Rc3 {[%clk 0:00:45]} Nc7 {[%clk 0:01:36]}
37.Rf3 {[%clk 0:00:53]} Rab8 {[%clk 0:01:30]} 38.Kg2 {[%clk 0:00:42]}
Rb1 {[%clk 0:01:30]} 39.Rxb1 {[%clk 0:00:40]} Rxb1 {[%clk 0:01:39]}
40.Bf6 {[%clk 0:00:48]} Rb5 {[%clk 0:00:56]} 41.Rxf5 {[%clk 0:00:34]}
Rxd5 {[%clk 0:01:04]} 42.Rf3 {[%clk 0:00:40]} Ne6 {[%clk 0:00:37]}
43.h4 {[%clk 0:00:36]} Kh7 {[%clk 0:00:23]} 44.Ba1 {[%clk 0:00:31]}
f5 {[%clk 0:00:25]} 45.Re3 {[%clk 0:00:35]} Nc7 {[%clk 0:00:24]}
46.Bf6 {[%clk 0:00:39]} Rc5 {[%clk 0:00:17]} 47.Be7 {[%clk 0:00:37]}
Nb5 {[%clk 0:00:15]} 48.Bxd6 {[%clk 0:00:32]} Nxd6 {[%clk 0:00:24]}
49.Re7+ {[%clk 0:00:37]} Kg8 {[%clk 0:00:32]} 50.c7 {[%clk 0:00:45]}
Kf8 {[%clk 0:00:23]} 51.Rd7 {[%clk 0:00:19]} Ne8 {[%clk 0:00:32]}
52.Rh7 {[%clk 0:00:28]} Rxc7 {[%clk 0:00:22]} 53.Rxh5 {[%clk 0:00:35]}
Rc2 {[%clk 0:00:17]} 54.Rxf5+ {[%clk 0:00:42]} Kg7 {[%clk 0:00:20]}
55.Ra5 {[%clk 0:00:39]} Rxa2 {[%clk 0:00:28]} 56.g4 {[%clk 0:00:46]}
Nd6 {[%clk 0:00:34]} 57.g5 {[%clk 0:00:41]} Nc4 {[%clk 0:00:15]}
58.Ra7+ {[%clk 0:00:27]} Kg6 {[%clk 0:00:19]} 59.Kg3 {[%clk 0:00:34]}
Rb2 {[%clk 0:00:16]} 60.Kg4 {[%clk 0:00:29]} Ne5+ {[%clk 0:00:15]}
61.Kf4 {[%clk 0:00:37]} Nd3+ {[%clk 0:00:20]} 62.Ke3 {[%clk 0:00:26]}
Rb3 {[%clk 0:00:27]} 63.Ra6+ {[%clk 0:00:13]} Kf5 {[%clk 0:00:36]}
64.Ra5+ {[%clk 0:00:21]} Ke6 {[%clk 0:00:20]} 65.f4 {[%clk 0:00:24]}
a2 {[%clk 0:00:17]} 66.f5+ {[%clk 0:00:29]} Kd6 {[%clk 0:00:24]}
67.f6 {[%clk 0:00:17]} Nc5+ {[%clk 0:00:15]} 68.Ke2 {[%clk 0:00:15]}
Rb2+ {[%clk 0:00:15]} 69.Kf3 {[%clk 0:00:22]} Ke6 {[%clk 0:00:16]}
70.Kg4 {[%clk 0:00:18]} Rb4+ {[%clk 0:00:25]} 71.Kh5 {[%clk 0:00:20]}
Ra4 {[%clk 0:00:34]} 72.Rxc5 {[%clk 0:00:12]} a1Q {[%clk 0:00:42]}
73.Rc6+ {[%clk 0:00:14]} Kd5 {[%clk 0:00:49]} 74.f7 {[%clk 0:00:17]}
Qh8+ {[%clk 0:00:41]} 75.Rh6 {[%clk 0:00:25]} Qf8 {[%clk 0:00:47]}
76.Rf6 {[%clk 0:00:31]} Ke5 {[%clk 0:00:42]} 77.Kg6 {[%clk 0:00:27]}
Rxh4 {[%clk 0:00:20]} 78.Re6+ {[%clk 0:00:35]} Kf4 {[%clk 0:00:15]}
79.Re8 {[%clk 0:00:40]} Qd6+ {[%clk 0:00:20]} 80.Kg7 {[%clk 0:00:49]}
Kxg5 {[%clk 0:00:19]} 81.f8Q {[%clk 0:00:36]} Qg6# {[%clk 0:00:28]} 0-1